[Event "Budapest-chT1 Lilienthal 1718"]
[Site "Budapest"]
[Date "2018.03.11"]
[Round "11"]
[White "Kiraly, Zoltan"]
[Black "Kaposztas, Miklos"]
[Result "0-1"]
[WhiteElo "1953"]
[BlackElo "2100"]
[PlyCount "58"]
[EventDate "2017.10.01"]
[EventType "team-tourn"]
[EventRounds "13"]
[EventCountry "HUN"]
[SourceTitle "EXT 2021"]
[Source "ChessBase"]
[SourceDate "2020.10.23"]
[SourceVersion "1"]
[SourceVersionDate "2020.10.23"]
[SourceQuality "1"]
[WhiteTeam "Csepel"]
[BlackTeam "Budapest Vasas II"]
[WhiteTeamCountry "HUN"]
[BlackTeamCountry "HUN"]

1. d4 g6 2. c4 Nf6 3. Nc3 c5 4. e3 Bg7 5. Nf3 0-0 6. Bd3 d5 7. 0-0 Nc6 8. cxd5 Nxd5 9. Nxd5 Qxd5 10. e4 Qd6 11. dxc5 Qxc5 12. h3 Rd8 13. Qe2 Be6 14. a3 Rac8 15. Be3 Qh5 16. Rac1 Ne5 17. Nxe5 Rxc1 18. Rxc1 Qxe5 19. Rc2 Bb3 20. Rc3 Qe6 21. Bc4 Bxc4 22. Rxc4 Bxb2 23. Ra4 Bf6 24. Bxa7 b6 25. Ra6 Bd4 26. a4 Qf6 27. a5 Bxf2+ 28. Kh1 Qa1+ 29. Kh2 Qg1# 0-1

[Event "Budapest-chT1 Lilienthal 1314"]
[Site "Budapest"]
[Date "2014.03.09"]
[Round "9"]
[White "Kiraly, Zoltan"]
[Black "Bodrogi, Mihaly"]
[Result "1-0"]
[WhiteElo "2027"]
[BlackElo "2082"]
[PlyCount "79"]
[EventDate "2013.09.29"]
[EventType "team-tourn"]
[EventRounds "11"]
[EventCountry "HUN"]
[SourceTitle "EXT 2021"]
[Source "ChessBase"]
[SourceDate "2020.10.23"]
[SourceVersion "1"]
[SourceVersionDate "2020.10.23"]
[SourceQuality "1"]
[WhiteTeam "Csepel"]
[BlackTeam "Budapest EAC III"]
[WhiteTeamCountry "HUN"]
[BlackTeamCountry "HUN"]

1. d4 c5 2. c3 Qa5 3. e3 Nf6 4. Nf3 e6 5. Nbd2 Qc7 6. e4 d6 7. Be2 Be7 8. 0-0 0-0 9. Re1 b6 10. Bd3 Bb7 11. Nf1 Nc6 12. Bg5 h6 13. Bh4 a5 14. Qe2 Nh5 15. Bxe7 Qxe7 16. Qe3 e5 17. d5 Nb8 18. g3 Kh7 19. Nh4 g6 20. b4 axb4 21. cxb4 Ra3 22. bxc5 bxc5 23. Qe2 Ba6 24. Bxa6 Nxa6 25. Ne3 Nb4 26. Nc4 Ra7 27. a3 Na6 28. Rab1 Rb8 29. Rxb8 Nxb8 30. Rb1 Nd7 31. Qb2 Nhf6 32. f3 Ne8 33. Qb5 Qd8 34. Qc6 Qc7 35. Ng2 Kg7 36. a4 Kf8 37. a5 Ke7 38. Nge3 Qxc6 39. dxc6 Nf8 40. Rb7+ 1-0

[Event "Budapest-chT1 Lilienthal 1314"]
[Site "Budapest"]
[Date "2013.11.24"]
[Round "4"]
[White "Kiraly, Zoltan"]
[Black "Pongo, Istvan"]
[Result "1/2-1/2"]
[WhiteElo "2027"]
[BlackElo "1862"]
[PlyCount "21"]
[EventDate "2013.09.29"]
[EventType "team-tourn"]
[EventRounds "11"]
[EventCountry "HUN"]
[SourceTitle "EXT 2021"]
[Source "ChessBase"]
[SourceDate "2020.10.23"]
[SourceVersion "1"]
[SourceVersionDate "2020.10.23"]
[SourceQuality "1"]
[WhiteTeam "Csepel"]
[BlackTeam "REAC SISE"]
[WhiteTeamCountry "HUN"]
[BlackTeamCountry "HUN"]

1. d4 b6 2. c4 e6 3. Nf3 Bb7 4. g3 Bb4+ 5. Bd2 Qe7 6. Bg2 Nf6 7. a3 Bxd2+ 8. Qxd2 Ne4 9. Qc2 0-0 10. 0-0 f5 11. Nc3 1/2-1/2

[Event "Budapest-chT1 Lilienthal 1314"]
[Site "Budapest"]
[Date "2013.10.13"]
[Round "2"]
[White "Kiraly, Zoltan"]
[Black "Stern, Tibor"]
[Result "1/2-1/2"]
[WhiteElo "2027"]
[BlackElo "2054"]
[PlyCount "42"]
[EventDate "2013.09.29"]
[EventType "team-tourn"]
[EventRounds "11"]
[EventCountry "HUN"]
[SourceTitle "EXT 2021"]
[Source "ChessBase"]
[SourceDate "2020.10.23"]
[SourceVersion "1"]
[SourceVersionDate "2020.10.23"]
[SourceQuality "1"]
[WhiteTeam "Csepel"]
[BlackTeam "SENSE"]
[WhiteTeamCountry "HUN"]
[BlackTeamCountry "HUN"]

1. d4 Nf6 2. c4 c5 3. e3 g6 4. Nf3 Bg7 5. Nc3 0-0 6. Be2 a6 7. 0-0 Qc7 8. Qc2 d6 9. b3 Bf5 10. Qd2 Ne4 11. Nxe4 Bxe4 12. Bb2 Nd7 13. Ng5 d5 14. f3 Bf5 15. e4 dxe4 16. fxe4 f6 17. exf5 fxg5 18. fxg6 h6 19. Bg4 Qd6 20. Bxd7 Qxd7 21. d5 Qd6 1/2-1/2

[Event "HUN-chT2 Erkel 1213"]
[Site "Hungary"]
[Date "2013.03.03"]
[Round "8.8"]
[White "Kiraly, Zoltan"]
[Black "Banhazi, Istvan"]
[Result "1/2-1/2"]
[WhiteElo "2031"]
[BlackElo "2062"]
[PlyCount "40"]
[EventDate "2012.09.16"]
[EventType "team-tourn"]
[EventRounds "11"]
[EventCountry "HUN"]
[SourceTitle "EXT 2014"]
[Source "ChessBase"]
[SourceDate "2013.11.20"]
[SourceVersion "1"]
[SourceVersionDate "2013.11.20"]
[SourceQuality "1"]
[WhiteTeam "Dunaharaszti"]
[BlackTeam "Barcza"]
[WhiteTeamCountry "HUN"]
[BlackTeamCountry "HUN"]

1. d4 Nf6 2. c4 c5 3. Nf3 g6 4. e3 Bg7 5. Be2 0-0 6. 0-0 cxd4 7. Nxd4 d5 8. Nc3 Nc6 9. cxd5 Nxd5 10. Nxd5 Qxd5 11. Bf3 Qc5 12. Nxc6 bxc6 13. Qa4 Rb8 14. Rb1 Rb6 15. Qxa7 Ba6 16. Rd1 Rfb8 17. b3 Qc2 18. Ba3 R8b7 19. Qa8+ Rb8 20. Qa7 R8b7 1/2-1/2

[Event "HUN-chT U18"]
[Site "Miskolc"]
[Date "2011.11.05"]
[Round "6.3"]
[White "Kiss, Peter2222"]
[Black "Kiraly, Zoltan"]
[Result "1/2-1/2"]
[WhiteElo "2010"]
[BlackElo "2075"]
[PlyCount "48"]
[EventDate "2011.11.02"]
[EventType "team-swiss"]
[EventRounds "8"]
[EventCountry "HUN"]
[SourceTitle "EXT 2012"]
[Source "ChessBase"]
[SourceDate "2011.11.24"]
[SourceVersion "1"]
[SourceVersionDate "2011.11.24"]
[SourceQuality "1"]
[WhiteTeam "Kobanya Aquarena"]
[BlackTeam "Csepel"]
[WhiteTeamCountry "HUN"]
[BlackTeamCountry "HUN"]

1. e4 e6 2. d4 d5 3. Nd2 c5 4. exd5 exd5 5. Ngf3 Nf6 6. Bb5+ Bd7 7. Bxd7+ Nbxd7 8. 0-0 Be7 9. dxc5 Nxc5 10. Nd4 Qd7 11. N2b3 0-0 12. c3 Rfe8 13. Bg5 Nce4 14. Bxf6 Bxf6 15. f3 Nd6 16. Qd3 Nc4 17. Rab1 Re3 18. Qc2 Rae8 19. Qf2 g6 20. Rbd1 Qe7 21. Nc1 Nb6 22. Nc2 Re6 23. Rfe1 Qd6 24. Rxe6 Rxe6 1/2-1/2

[Event "HUN-chT U18"]
[Site "Miskolc"]
[Date "2011.11.03"]
[Round "3.3"]
[White "Kiraly, Zoltan"]
[Black "Havasi, Gergo"]
[Result "0-1"]
[WhiteElo "2075"]
[BlackElo "1849"]
[PlyCount "236"]
[EventDate "2011.11.02"]
[EventType "team-swiss"]
[EventRounds "8"]
[EventCountry "HUN"]
[SourceTitle "EXT 2012"]
[Source "ChessBase"]
[SourceDate "2011.11.24"]
[SourceVersion "1"]
[SourceVersionDate "2011.11.24"]
[SourceQuality "1"]
[WhiteTeam "Csepel"]
[BlackTeam "MAV Elore"]
[WhiteTeamCountry "HUN"]
[BlackTeamCountry "HUN"]

1. d4 Nf6 2. c4 g6 3. Nc3 Bg7 4. e4 d6 5. Nge2 0-0 6. Ng3 c5 7. d5 a6 8. Be2 b5 9. cxb5 axb5 10. Bxb5 Ba6 11. Bxa6 Nxa6 12. 0-0 Qb6 13. Qe2 Rfb8 14. Rb1 e6 15. dxe6 fxe6 16. Qc4 Nc7 17. Bf4 Nd7 18. Rfd1 Be5 19. Bxe5 Nxe5 20. Qe2 c4 21. b3 Qa5 22. Qe3 Nd3 23. Nge2 Nb5 24. Nxb5 Qxb5 25. Nc3 Qa5 26. Qd4 Nf4 27. Qxd6 Qxc3 28. Qxf4 Rf8 29. Qd2 Qe5 30. f3 c3 31. Qc2 Rfd8 32. a4 Rd4 33. Rbc1 Rad8 34. Rxd4 Qxd4+ 35. Kf1 Qe3 36. Re1 Qc5 37. Rd1 Rc8 38. Rd3 Qe5 39. Kg1 Qc5+ 40. Kf1 Qa3 41. Ke2 Qb2 42. Kd1 Qa1+ 43. Ke2 Qg1 44. Rxc3 Qxg2+ 45. Kd1 Qf1+ 46. Kd2 Rd8+ 47. Rd3 Rf8 48. Qc4 Qf2+ 49. Kc1 Qg1+ 50. Rd1 Qxh2 51. Qxe6+ Kg7 52. Qd7+ Kg8 53. Qd5+ Kh8 54. Qd4+ Kg8 55. Qc4+ Kh8 56. Qc3+ Kg8 57. Rd7 Qh6+ 58. Kb2 g5 59. Qc4+ Kh8 60. Qd4+ Kg8 61. Qd5+ Kh8 62. Qd4+ Kg8 63. Rd8 Qh2+ 64. Ka3 Qf4 65. Qc4+ Kg7 66. Rd7+ Kg6 67. Qe6+ Qf6 68. Qxf6+ Rxf6 69. a5 Rxf3 70. a6 g4 71. a7 Rf1 72. Rd2 Rf8 73. Kb4 h5 74. Kc5 h4 75. Kd4 h3 76. Ra2 g3 77. a8Q Rxa8 78. Rxa8 h2 79. Rg8+ Kf7 80. Rxg3 h1Q 81. Rc3 Qg1+ 82. Kc4 Ke6 83. Kb4 Qb6+ 84. Ka3 Qa5+ 85. Kb2 Qe5 86. Kc2 Qxe4+ 87. Kd2 Qd4+ 88. Kc2 Qf2+ 89. Kd3 Kd5 90. Rc4 Qb2 91. Rc3 Qg2 92. Rc4 Qf2 93. Kc3 Qe2 94. Kb4 Qd2+ 95. Ka3 Ke5 96. Ka4 Qa2+ 97. Kb4 Kd5 98. Kc3 Qa1+ 99. Kc2 Qe1 100. Kb2 Qe2+ 101. Ka3 Qd2 102. Ka4 Qa2+ 103. Kb4 Qa6 104. Kc3 Qa3 105. Kc2 Qa1 106. Rh4 Qa2+ 107. Kc3 Qe2 108. Rc4 Qf2 109. Kb4 Qb2 110. Ka4 Qa2+ 111. Kb4 Qa1 112. Rg4 Qe1+ 113. Ka3 Qc1+ 114. Kb4 Qc5+ 115. Ka4 Qa7+ 116. Kb4 Qe7+ 117. Kc3 Qe1+ 118. Kb2 Qe2+ 0-1

[Event "HUN-chT2 Erkel 1112"]
[Site "Hungary"]
[Date "2011.10.30"]
[Round "2.6"]
[White "Balogh, Zoltan"]
[Black "Kiraly, Zoltan"]
[Result "0-1"]
[WhiteElo "1997"]
[BlackElo "2075"]
[PlyCount "58"]
[EventDate "2011.09.25"]
[EventType "team-tourn"]
[EventRounds "11"]
[EventCountry "HUN"]
[SourceTitle "EXT 2013"]
[Source "ChessBase"]
[SourceDate "2012.11.22"]
[SourceVersion "1"]
[SourceVersionDate "2012.11.22"]
[SourceQuality "1"]
[WhiteTeam "Vizugy"]
[BlackTeam "Dunaharaszti"]
[WhiteTeamCountry "HUN"]
[BlackTeamCountry "HUN"]

1. e4 e6 2. d4 d5 3. Nc3 Nf6 4. Bg5 dxe4 5. Nxe4 Be7 6. Bxf6 Bxf6 7. Nf3 Nd7 8. Qd2 b6 9. Bd3 Bb7 10. 0-0-0 Qe7 11. g4 h6 12. h4 g6 13. Qf4 0-0-0 14. Kb1 e5 15. dxe5 Bxe5 16. Qe3 Bg7 17. Rhe1 Qb4 18. c3 Qa5 19. Nfd2 Ne5 20. Nb3 Qa4 21. Bc2 Qa6 22. Qg3 Rxd1+ 23. Rxd1 Qe2 24. f4 Bxe4 25. Rd2 Qf1+ 26. Nc1 Bxc2+ 27. Kxc2 Qf3 28. Qe1 Nc6 29. Nd3 Rd8 0-1

[Event "Budapest FS03 FM-A"]
[Site "Budapest"]
[Date "2011.03.15"]
[Round "11"]
[White "Szendeff, Miklos"]
[Black "Kiraly, Zoltan"]
[Result "0-1"]
[WhiteElo "1854"]
[BlackElo "2074"]
[PlyCount "86"]
[EventDate "2011.03.05"]
[EventType "tourn"]
[EventRounds "11"]
[EventCountry "HUN"]
[SourceTitle "CBM 141 Extra"]
[Source "ChessBase"]
[SourceDate "2011.05.03"]
[SourceVersion "1"]
[SourceVersionDate "2011.05.03"]
[SourceQuality "1"]

1. e4 g6 2. d4 Bg7 3. c4 d6 4. Nc3 Nf6 5. Be3 0-0 6. h3 Nbd7 7. Nf3 e5 8. Be2 Qe7 9. d5 Nc5 10. Nd2 a5 11. 0-0 Ne8 12. Rc1 f5 13. f3 f4 14. Bf2 Bf6 15. Nb3 Bh4 16. Bxh4 Qxh4 17. Qe1 Qh5 18. Nxa5 Rxa5 19. b4 Ra8 20. bxc5 dxc5 21. a4 Bd7 22. Ra1 b6 23. Qf2 Ra5 24. Ra3 g5 25. Rfa1 Qg6 26. Nd1 Nd6 27. Qe1 h5 28. Nf2 Rfa8 29. Qd1 Qe8 30. Nd3 Nxc4 31. R3a2 Ne3 32. Qc1 Rxa4 33. Rxa4 Rxa4 34. Rxa4 Bxa4 35. Qb2 Qb5 36. Qxb5 Bxb5 37. Nxf4 gxf4 38. Bxb5 h4 39. Kf2 Kf7 40. Ba6 Ke7 41. Bb5 c4 42. Ke2 Kd6 43. Kd2 Kc5 0-1

[Event "Budapest FS03 FM-A"]
[Site "Budapest"]
[Date "2011.03.10"]
[Round "6"]
[White "Kiraly, Zoltan"]
[Black "Darazs, Zoltan"]
[Result "0-1"]
[WhiteElo "2074"]
[BlackElo "2218"]
[PlyCount "114"]
[EventDate "2011.03.05"]
[EventType "tourn"]
[EventRounds "11"]
[EventCountry "HUN"]
[SourceTitle "CBM 141 Extra"]
[Source "ChessBase"]
[SourceDate "2011.05.03"]
[SourceVersion "1"]
[SourceVersionDate "2011.05.03"]
[SourceQuality "1"]

1. d4 Nf6 2. c4 g6 3. Nc3 d5 4. cxd5 Nxd5 5. Bd2 Bg7 6. e4 Nxc3 7. Bxc3 c5 8. Bb5+ Nd7 9. Ne2 cxd4 10. Nxd4 0-0 11. 0-0 a6 12. Bc4 Nf6 13. Re1 b5 14. Bb3 Bb7 15. Bc2 Qb6 16. Nf3 Rfd8 17. Qe2 b4 18. Bxf6 Bxf6 19. e5 Bg7 20. Be4 Bxe4 21. Qxe4 Rac8 22. Rac1 Rxc1 23. Rxc1 Bh6 24. Re1 a5 25. Qh4 Bf8 26. e6 f6 27. h3 Bg7 28. Qc4 h6 29. b3 f5 30. Qe2 Rd6 31. Qe3 Qxe3 32. Rxe3 Bc3 33. g4 fxg4 34. hxg4 Kg7 35. Ne5 Rd2 36. Nc6 Kf6 37. Nxa5 Rxa2 38. Nc6 Rb2 39. Kg2 Rxb3 40. Rf3+ Kxe6 41. Nd4+ Bxd4 42. Rxb3 Bc3 43. Kf3 Kd5 44. Ke2 Kc4 45. Rb1 b3 46. Rh1 b2 47. Rb1 e5 48. f3 h5 49. gxh5 gxh5 50. Ke3 Bd4+ 51. Kd2 Kb3 52. Kd3 h4 53. Rh1 h3 54. f4 exf4 55. Kxd4 Ka2 56. Ke4 b1Q+ 57. Rxb1 Kxb1 0-1

[Event "Budapest-chT1 Lilienthal 1011"]
[Site "Budapest"]
[Date "2011.02.27"]
[Round "9"]
[White "Teglas, Balazs"]
[Black "Kiraly, Zoltan"]
[Result "1/2-1/2"]
[WhiteElo "2208"]
[BlackElo "2073"]
[PlyCount "70"]
[EventDate "2010.09.19"]
[EventType "team-tourn"]
[EventRounds "11"]
[EventCountry "HUN"]
[SourceTitle "EXT 2020"]
[Source "ChessBase"]
[SourceDate "2019.10.17"]
[SourceVersion "1"]
[SourceVersionDate "2019.10.17"]
[SourceQuality "1"]
[WhiteTeam "Fabulon"]
[BlackTeam "Csepel"]
[WhiteTeamCountry "HUN"]
[BlackTeamCountry "HUN"]

1. d4 d5 2. Bf4 Nf6 3. e3 Bf5 4. c4 c6 5. Nc3 e6 6. Qb3 Qb6 7. c5 Qxb3 8. axb3 Nbd7 9. b4 Nh5 10. b5 Nxf4 11. exf4 Be7 12. Nf3 0-0 13. b4 cxb5 14. Bxb5 Nf6 15. 0-0 Ne4 16. Nxe4 dxe4 17. Ne5 f6 18. Nc4 Rfd8 19. Rfd1 Bg4 20. Rd2 Bh5 21. f5 Bg4 22. Ne3 Bxf5 23. d5 Bg6 24. d6 f5 25. Ra3 Bg5 26. Rda2 Bxe3 27. fxe3 a6 28. Bc4 Bf7 29. b5 Rac8 30. bxa6 bxa6 31. Ra5 e5 32. Rc2 Bxc4 33. Rxc4 Rxd6 34. cxd6 Rxc4 35. Rd5 Rc8 1/2-1/2

[Event "Budapest-chT1 Lilienthal 1011"]
[Site "Budapest"]
[Date "2010.10.03"]
[Round "2"]
[White "Kiraly, Zoltan"]
[Black "Borda, Lajos"]
[Result "0-1"]
[WhiteElo "2073"]
[BlackElo "2107"]
[PlyCount "74"]
[EventDate "2010.09.19"]
[EventType "team-tourn"]
[EventRounds "11"]
[EventCountry "HUN"]
[SourceTitle "EXT 2020"]
[Source "ChessBase"]
[SourceDate "2019.10.17"]
[SourceVersion "1"]
[SourceVersionDate "2019.10.17"]
[SourceQuality "1"]
[WhiteTeam "Csepel"]
[BlackTeam "Taban Spartacus II"]
[WhiteTeamCountry "HUN"]
[BlackTeamCountry "HUN"]

1. d4 d5 2. c4 e6 3. Nc3 Nf6 4. Bg5 Be7 5. e3 0-0 6. Nf3 a6 7. a4 a5 8. Bd3 Nc6 9. 0-0 Nb4 10. cxd5 exd5 11. Ne5 Ne8 12. Bxe7 Qxe7 13. Be2 Bf5 14. Nd3 Nf6 15. Rc1 c6 16. Nc5 Rfe8 17. Bd3 Ne4 18. Bb1 Nxc5 19. Bxf5 Ne4 20. Qg4 g6 21. Bxe4 dxe4 22. f3 f5 23. Qg3 Rad8 24. fxe4 fxe4 25. Qg4 Nd5 26. Nxd5 Rxd5 27. Rf4 c5 28. Rxc5 Rxc5 29. dxc5 Qxc5 30. Rxe4 Qc1+ 31. Kf2 Qc2+ 32. Kf3 Qc6 33. Qh4 Qd5 34. g3 g5 35. Qg4 h5 36. Qxg5+ Qxg5 37. Rxe8+ Kf7 0-1

[Event "HUN-ch U16"]
[Site "Budapest"]
[Date "2010.07.03"]
[Round "8"]
[White "Kiraly, Zoltan"]
[Black "Zilahi, Tamas"]
[Result "1/2-1/2"]
[WhiteElo "2041"]
[BlackElo "1872"]
[PlyCount "51"]
[EventDate "2010.06.26"]
[EventType "swiss"]
[EventRounds "9"]
[EventCountry "HUN"]
[SourceTitle "CBM 137 Extra"]
[Source "ChessBase"]
[SourceDate "2010.09.01"]
[SourceVersion "1"]
[SourceVersionDate "2010.09.01"]
[SourceQuality "1"]

1. d4 d5 2. c4 c6 3. Nf3 Nf6 4. Nc3 e6 5. Bg5 h6 6. Bxf6 Qxf6 7. e3 Nd7 8. cxd5 exd5 9. Bd3 Bd6 10. 0-0 0-0 11. Rb1 Nb6 12. h3 Bf5 13. Qc2 Bxd3 14. Qxd3 Rfe8 15. Rfc1 Qe7 16. Re1 Qd7 17. Rbd1 Rad8 18. Qc2 Qc7 19. Re2 Re6 20. Rde1 Rde8 21. Rc1 R8e7 22. Qf5 Qd7 23. Qd3 Rg6 24. Kh1 Ree6 25. Rce1 Ref6 26. Nh4 1/2-1/2

[Event "HUN-ch U16"]
[Site "Budapest"]
[Date "2010.07.02"]
[Round "7"]
[White "Makk, Robert"]
[Black "Kiraly, Zoltan"]
[Result "1-0"]
[WhiteElo "2230"]
[BlackElo "2041"]
[PlyCount "77"]
[EventDate "2010.06.26"]
[EventType "swiss"]
[EventRounds "9"]
[EventCountry "HUN"]
[SourceTitle "CBM 137 Extra"]
[Source "ChessBase"]
[SourceDate "2010.09.01"]
[SourceVersion "1"]
[SourceVersionDate "2010.09.01"]
[SourceQuality "1"]

1. e4 e6 2. d4 d5 3. Nd2 c5 4. exd5 exd5 5. Ngf3 Nf6 6. Be2 Be7 7. dxc5 Bxc5 8. Nb3 Bb6 9. 0-0 0-0 10. Bg5 Nc6 11. c3 Re8 12. h3 Qd6 13. Bxf6 Qxf6 14. Bb5 a6 15. Bxc6 bxc6 16. Nbd4 Bd7 17. b4 Re4 18. Qd3 Qg6 19. Kh1 Bc7 20. Rfe1 Rxe1+ 21. Nxe1 a5 22. Qxg6 hxg6 23. Nd3 Bb6 24. Nc5 Bxc5 25. bxc5 Rb8 26. Re1 Kf8 27. Kh2 Rb2 28. Re2 Rxe2 29. Nxe2 Ke7 30. Kg3 Ke6 31. Kf4 Kf6 32. Nd4 g5+ 33. Ke3 Ke5 34. Nf3+ Kf6 35. Kd4 Kf5 36. Nd2 f6 37. a4 g4 38. hxg4+ Kxg4 39. Nb3 1-0

[Event "HUN-ch U16"]
[Site "Budapest"]
[Date "2010.06.29"]
[Round "4"]
[White "Kiraly, Zoltan"]
[Black "Farkas, Gabor"]
[Result "1/2-1/2"]
[WhiteElo "2041"]
[BlackElo "2245"]
[PlyCount "98"]
[EventDate "2010.06.26"]
[EventType "swiss"]
[EventRounds "9"]
[EventCountry "HUN"]
[SourceTitle "CBM 137 Extra"]
[Source "ChessBase"]
[SourceDate "2010.09.01"]
[SourceVersion "1"]
[SourceVersionDate "2010.09.01"]
[SourceQuality "1"]

1. d4 Nf6 2. c4 e6 3. Nf3 Bb4+ 4. Bd2 Qe7 5. a3 Bxd2+ 6. Nbxd2 0-0 7. e3 d6 8. Be2 e5 9. d5 a5 10. b3 Na6 11. e4 Nc5 12. Qc2 Nh5 13. 0-0 Nf4 14. Rfe1 f5 15. Bf1 g5 16. exf5 Bxf5 17. Qd1 Qf6 18. h3 h5 19. Re3 Bg6 20. Qe1 e4 21. Nh2 Nfd3 22. Bxd3 Nxd3 23. Qf1 Nxf2 24. Rae1 Qd4 25. Qe2 Rf6 26. Nhf3 Nxh3+ 27. gxh3 exf3 28. Nxf3 Qf4 29. Qg2 g4 30. hxg4 hxg4 31. Nh4 Bh5 32. Re4 Qg5 33. Qg3 Raf8 34. b4 Rf4 35. bxa5 Rxe4 36. Rxe4 Qc1+ 37. Qe1 Qg5 38. Qg3 Qc1+ 39. Qe1 Qxa3 40. Re7 Qc5+ 41. Kh2 Qxc4 42. Qe6+ Bf7 43. Qf5 Qa2+ 44. Kg3 Qb3+ 45. Kxg4 Bh5+ 46. Qxh5 Qd1+ 47. Kg5 Qxd5+ 48. Kh6 Rf6+ 49. Ng6 Qd2+ 1/2-1/2

[Event "HUN-ch U16"]
[Site "Budapest"]
[Date "2010.06.27"]
[Round "2"]
[White "Kiraly, Zoltan"]
[Black "Juhasz, Kristof"]
[Result "0-1"]
[WhiteElo "2041"]
[BlackElo "2284"]
[PlyCount "96"]
[EventDate "2010.06.26"]
[EventType "swiss"]
[EventRounds "9"]
[EventCountry "HUN"]
[SourceTitle "CBM 137 Extra"]
[Source "ChessBase"]
[SourceDate "2010.09.01"]
[SourceVersion "1"]
[SourceVersionDate "2010.09.01"]
[SourceQuality "1"]

1. d4 Nf6 2. c4 g6 3. Nc3 Bg7 4. e4 d6 5. Nge2 0-0 6. Ng3 a6 7. Be2 c5 8. d5 b5 9. cxb5 axb5 10. Bxb5 Ba6 11. Bxa6 Nxa6 12. 0-0 Qb6 13. Qe2 Rfb8 14. Kh1 Nc7 15. a4 Nd7 16. f4 Qa6 17. Qg4 Nf6 18. Qf3 Rb3 19. Qf2 Rab8 20. h3 Qc4 21. Qe2 Qxe2 22. Ngxe2 Nd7 23. a5 Na6 24. Rf3 R3b4 25. Ra4 Rxa4 26. Nxa4 Rb5 27. Ra3 Rxa5 28. Nac3 Rxa3 29. bxa3 Nb6 30. Nd1 e6 31. Ne3 exd5 32. exd5 Nc7 33. Ng3 f5 34. Kg1 Ncxd5 35. Nxd5 Nxd5 36. Kf2 Kf7 37. Ne2 Nc3 38. Nxc3 Bxc3 39. Ke3 c4 40. a4 Ke6 41. Ba3 Kd5 42. g4 Bd4+ 43. Kd2 Bc5 44. Bb2 Bb4+ 45. Ke3 c3 46. Ba1 Kc4 47. gxf5 gxf5 48. h4 d5 0-1

[Event "HUN-chT2 Erkel 0910"]
[Site "Hungary"]
[Date "2010.05.02"]
[Round "11.8"]
[White "Kiraly, Zoltan"]
[Black "Ilkovics, Ferenc"]
[Result "1/2-1/2"]
[WhiteElo "2024"]
[BlackElo "2009"]
[PlyCount "51"]
[EventDate "2009.11.08"]
[EventType "team-tourn"]
[EventRounds "11"]
[EventCountry "HUN"]
[SourceTitle "EXT 2011"]
[Source "ChessBase"]
[SourceDate "2010.11.26"]
[SourceVersion "1"]
[SourceVersionDate "2010.11.26"]
[SourceQuality "1"]
[WhiteTeam "Dunaharaszti"]
[BlackTeam "Paszto"]
[WhiteTeamCountry "HUN"]
[BlackTeamCountry "HUN"]

1. d4 d5 2. c4 c6 3. Nf3 Nf6 4. Nc3 e6 5. Bg5 Be7 6. e3 Nh5 7. Bxe7 Qxe7 8. cxd5 cxd5 9. Ne5 Nf6 10. Bb5+ Nbd7 11. 0-0 0-0 12. f4 a6 13. Bd3 b5 14. Qf3 g6 15. Qg3 Nh5 16. Qg4 Ng7 17. Rac1 Nf5 18. Bxf5 exf5 19. Qf3 Nf6 20. Nxd5 Nxd5 21. Qxd5 Be6 22. Qc5 Qb7 23. Qc6 Qe7 24. Qc5 Qb7 25. Qc6 Qe7 26. Qc5 1/2-1/2

[Event "HUN-chT 0910"]
[Site "Hungary"]
[Date "2010.02.28"]
[Round "7"]
[White "Kiraly, Zoltan"]
[Black "Szabo, Bence"]
[Result "0-1"]
[WhiteElo "2024"]
[BlackElo "2255"]
[PlyCount "62"]
[EventDate "2009.11.08"]
[EventType "team-tourn"]
[EventRounds "11"]
[EventCountry "HUN"]
[SourceTitle "EXT 2011"]
[Source "ChessBase"]
[SourceDate "2010.11.26"]
[SourceVersion "1"]
[SourceVersionDate "2010.11.26"]
[SourceQuality "1"]
[WhiteTeam "Dunaharaszti"]
[BlackTeam "Paks"]
[WhiteTeamCountry "HUN"]
[BlackTeamCountry "HUN"]

1. d4 Nf6 2. c4 e6 3. Nf3 b6 4. a3 Ba6 5. Qc2 Bb7 6. Nc3 c5 7. dxc5 bxc5 8. g3 Be7 9. Bg2 0-0 10. 0-0 d6 11. b3 Nc6 12. Bb2 Qb6 13. Rab1 Rab8 14. Na4 Qc7 15. Ng5 e5 16. f4 Nd4 17. Bxd4 exd4 18. e3 Bxg2 19. Qxg2 h6 20. Ne4 Ng4 21. exd4 Ne3 22. Qd2 Nxf1 23. Kxf1 Qb7 24. d5 Qd7 25. Nac3 Rfe8 26. Qc2 Rb7 27. Kg2 f5 28. Nf2 Bf6 29. Nb5 a6 30. Nc3 Qc8 31. Rd1 Qb8 0-1